| 000 | 00438nam a2200157 i 4500 | ||
|---|---|---|---|
| 001 | 33911 | ||
| 003 | ES-MaACL | ||
| 005 | 20230906154837.0 | ||
| 007 | t| | ||
| 008 | 030203s1970 sp ||||1| spa d | ||
| 100 | 1 |
_aBocchetta, Vittore. _929666 |
|
| 245 | 1 | 0 |
_aHoracio en Villegas y en Fray Luis de León / _cVittore Bocchetta. |
| 260 |
_aMadrid : _bGredos, _c1970. |
||
| 300 |
_a180 p. ; _c20 cm. |
||
| 852 |
_aES-MaACL _jC-39430 _bR.72931 |
||
| 999 |
_c33911 _d33911 |
||